| 000 | 00687nam a2200229 a 4500 | ||
|---|---|---|---|
| 001 | BRCA_3876 | ||
| 005 | 20190320204447.0 | ||
| 008 | 201209s1870----u--a######---#000-0#eng-# | ||
| 041 | _aeng | ||
| 044 | _au | ||
| 050 | 4 |
_aF1215 _b.E93 1870 |
|
| 100 | 1 |
_aEvans, Albert S. _910090 |
|
| 245 | 1 | 0 |
_aOur sister republic _ba gala trip through tropical México in 1869-70... _cby Albert S. Evans. |
| 260 |
_aHarford, Connecticut _bColumbian Book _c1870 |
||
| 300 |
_a518 p. _bil. _c23 cm. |
||
| 500 | _aContiene lista de ilustraciones. | ||
| 500 | _aC36 | ||
| 650 | 1 | 4 |
_aViajeros estadounidenses. _97583 |
| 651 | 4 |
_aMéxico _vDescripción y viajes. _910091 |
|
| 902 | _aGFM | ||
| 942 |
_2lcc _cB |
||
| 999 |
_c3604 _d3604 |
||